Trouver tout les pays d'Europe avec les Armoiries , sceau ou Emblème - Statistiques

Statistiques générales
  • Ce quiz a été pris 104 fois
  • Le résultat moyen est 28 sur 44
Statistiques - réponses
Par images Réponse % Correct
Albanie
94%
Suisse
94%
Islande
90%
Malte
90%
Autriche
89%
Bosnie-Herzégovine
87%
Croatie
87%
Kosovo
87%
France
86%
Portugal
84%
Grèce
83%
Italie
81%
Belgique
79%
Slovaquie
79%
Espagne
77%
Ukraine
74%
Allemagne
71%
Biélorussie
71%
Saint-Marin
71%
Slovénie
70%
Andorre
67%
Hongrie
67%
Vatican
67%
Pologne
63%
Serbie
63%
Royaume-Uni
60%
Roumanie
57%
Irlande
56%
Russie
54%
Monaco
51%
Pays-Bas
49%
Luxembourg
46%
Monténégro
46%
Bulgarie
43%
Tchéquie
43%
Suède
41%
Lituanie
40%
Danemark
39%
Finlande
37%
Norvège
36%
Estonie
33%
Lettonie
33%
Liechtenstein
33%
Macédoine du Nord
30%
Aucun quiz correspondant
Distribution des résultats
% des personnes avec chaque résultat
Percentile par nombre de réponses
Votre historique - résultats
Vous n’avez pas pris ce quiz